Pays du monde à l'aveugle - Sans répétition - Statistiques

Statistiques générales
  • Ce quiz a été pris 5 637 fois
  • Le résultat moyen est 71 sur 196
Statistiques - réponses
Pays % Correct
France
69%
États-Unis
64%
Canada
63%
Mexique
58%
Espagne
56%
Belize
53%
Guatemala
53%
Honduras
53%
Portugal
53%
Costa Rica
52%
Nicaragua
52%
Panama
52%
Salvador
52%
Allemagne
51%
Belgique
51%
Italie
51%
Royaume-Uni
51%
Andorre
50%
Brésil
50%
Colombie
50%
Cuba
50%
Irlande
50%
Islande
50%
Argentine
49%
Suisse
49%
Venezuela
49%
Bolivie
48%
Chili
48%
Équateur
48%
Haïti
48%
Jamaïque
48%
Monaco
48%
Pérou
48%
République Dominicaine
48%
Bahamas
47%
Finlande
47%
Guyana
47%
Luxembourg
47%
Paraguay
47%
Saint-Marin
47%
Suriname
47%
Uruguay
47%
Barbade
46%
Danemark
46%
Dominique
46%
Norvège
46%
Pays-Bas
46%
Saint-Christophe-et-Niévès
46%
Sainte-Lucie
46%
Saint-Vincent-et-les-Grenadines
46%
Suède
46%
Vatican
46%
Antigua-et-Barbuda
45%
Autriche
45%
Liechtenstein
45%
Pologne
45%
Russie
45%
Estonie
44%
Grenade
44%
Lettonie
44%
Lituanie
44%
Trinité-et-Tobago
44%
Biélorussie
43%
Malte
43%
Slovaquie
43%
Slovénie
43%
Albanie
42%
Hongrie
42%
République Tchèque
42%
Roumanie
42%
Bosnie-Herzégovine
41%
Bulgarie
41%
Croatie
41%
Grèce
41%
Ukraine
41%
Kosovo
40%
Monténégro
40%
Serbie
40%
Macédoine du Nord
39%
Moldavie
39%
Chypre
36%
Chine
34%
Turquie
34%
Algérie
33%
Japon
33%
Arménie
32%
Australie
32%
Azerbaïdjan
32%
Corée du Nord
32%
Corée du Sud
32%
Géorgie
32%
Inde
32%
Iran
32%
Maroc
32%
Afghanistan
31%
Arabie Saoudite
31%
Égypte
31%
Irak
31%
Israël
31%
Kazakhstan
31%
Mongolie
31%
Nouvelle-Zélande
31%
Syrie
31%
Afrique du Sud
30%
Émirats Arabes Unis
30%
Guinée
30%
Indonésie
30%
Jordanie
30%
Kirghizistan
30%
Laos
30%
Liban
30%
Libye
30%
Oman
30%
Ouzbékistan
30%
Pakistan
30%
Qatar
30%
République Démocratique du Congo
30%
Tunisie
30%
Turkménistan
30%
Yémen
30%
Bahreïn
29%
Bhoutan
29%
Cambodge
29%
Fidji
29%
Guinée-Bissau
29%
Koweït
29%
Mauritanie
29%
Népal
29%
Niger
29%
République du Congo
29%
Soudan
29%
Tadjikistan
29%
Thaïlande
29%
Viêt Nam
29%
Birmanie
28%
Brunei
28%
Cap-Vert
28%
Djibouti
28%
Érythrée
28%
Éthiopie
28%
Guinée Équatoriale
28%
Îles Marshall
28%
Îles Salomon
28%
Malaisie
28%
Mali
28%
Nigeria
28%
Palaos
28%
Papouasie-Nouvelle-Guinée
28%
Philippines
28%
Sénégal
28%
Singapour
28%
Soudan du Sud
28%
Taïwan
28%
Togo
28%
Vanuatu
28%
Angola
27%
Bangladesh
27%
Bénin
27%
Cameroun
27%
Comores
27%
Côte d'Ivoire
27%
États Fédérés de Micronésie
27%
Gambie
27%
Ghana
27%
Kenya
27%
Kiribati
27%
Madagascar
27%
Maldives
27%
Maurice
27%
Namibie
27%
Nauru
27%
Rwanda
27%
Samoa
27%
Seychelles
27%
Somalie
27%
Sri Lanka
27%
Tchad
27%
Timor Oriental
27%
Tonga
27%
Tuvalu
27%
Botswana
26%
Burkina Faso
26%
Burundi
26%
Eswatini
26%
Gabon
26%
Lesotho
26%
Liberia
26%
Mozambique
26%
Ouganda
26%
République Centrafricaine
26%
Sao Tomé-et-Principe
26%
Sierra Leone
26%
Tanzanie
26%
Zambie
26%
Zimbabwe
26%
Malawi
24%
Aucun quiz correspondant
Distribution des résultats
% des personnes avec chaque résultat
Percentile par nombre de réponses
Votre historique - résultats
Vous n’avez pas pris ce quiz